A textbook of practical botany

Bibliographic Details
Main Author: Singh, M.P
Other Authors: Chaudhary, S.B, Sahu, H.B
Format: Book
Published: Delhi, India : Daya Publishing House , 2005
Subjects:

MARC

LEADER 00000cam a2200000 7i4500
001 0000003689
005 20080529.0
020 0 0 |a 8170353807 
090 0 0 |a 580   |b SIN 
100 1 0 |a Singh, M.P. 
245 1 0 |a A textbook of practical botany   |c M.P. Singh, S.B. Chaudhary and H.B. Sahu 
260 0 0 |a Delhi, India :   |b Daya Publishing House ,   |c 2005 
300 |a 2 Vol. :   |b ill. ;   |c 25cm. 
650 0 0 |a Botany 
700 1 1 |a Chaudhary, S.B. 
700 1 1 |a Sahu, H.B. 
999 |a 0000007243   |b Monograph   |c Open Shelf   |e Default branch 
999 |a 0000007244   |b Monograph   |c Open Shelf   |e Default branch